[Event "VIII Festival A"]
[Site "Cesenatico ITA"]
[Date "2003.09.05"]
[Round "7"]
[White "Molina, Fabrizio"]
[Black "Bucher, Michael"]
[Result "1/2-1/2"]
[WhiteElo "2249"]
[BlackElo "2168"]
[PlyCount "89"]
[EventDate "2003.08.31"]

1. c4 c6 2. b3 d5 3. Bb2 Bf5 4. Nf3 e6 5. g3 Nf6 6. Bg2 Nbd7 7. O-O Bc5 8. d3
O-O 9. e3 Re8 10. h3 h6 11. Qe2 e5 12. Nh4 Bh7 13. e4 g5 14. Nf5 Bxf5 15. exf5
e4 16. d4 Bd6 17. c5 Bc7 18. Bc1 Kh7 19. Be3 Qe7 20. Nc3 Rg8 21. Qd2 Nh5 22.
Ne2 Qf6 23. g4 Nf4 24. Nxf4 gxf4 25. Bxf4 Bxf4 26. Qxf4 Qxd4 27. Rad1 Qe5 28.
Qxe5 Nxe5 29. f3 exf3 30. Bxf3 Rae8 31. Rd4 Nxf3+ 32. Rxf3 Re2 33. Rf2 Rge8 34.
Ra4 a6 35. Rb4 Rxf2 36. Kxf2 Re7 37. Kf3 Kg7 38. Kf4 f6 39. h4 Rd7 40. Ke3 Re7+
41. Kd3 Kf7 42. Rb6 Ke8 43. Rb4 Kf7 44. Rf4 Re1 45. Rb4 1/2-1/2

[Event "VIII Festival A"]
[Site "Cesenatico ITA"]
[Date "2003.09.05"]
[Round "7"]
[White "Perich, Stefano"]
[Black "Cetkovic, Sergio"]
[Result "1/2-1/2"]
[WhiteElo "1984"]
[BlackElo "2128"]
[PlyCount "96"]
[EventDate "2003.08.31"]

1. d4 d5 2. Nf3 Nf6 3. g3 h6 4. Bg2 c6 5. O-O Bf5 6. c4 e6 7. Qb3 Qb6 8. c5
Qxb3 9. axb3 Nbd7 10. b4 Be7 11. Nc3 O-O 12. Bf4 a6 13. h3 Ne4 14. g4 Nxc3 15.
bxc3 Be4 16. Nd2 Bxg2 17. Kxg2 f5 18. e3 Bf6 19. Bd6 Rfe8 20. f4 Kf7 21. Ra2
Rg8 22. Kh2 g5 23. gxf5 exf5 24. fxg5 Rxg5 25. Nf3 Rh5 26. Raf2 Rg8 27. Ne1 Re8
28. Ng2 Rg5 29. Rxf5 Rxf5 30. Rxf5 Kg6 31. Rf3 Bg5 32. h4 Bf6 33. Kg3 Bd8 34.
Nf4+ Kg7 35. Nd3 Bf6 36. Nf4 Bd8 37. Nh5+ Kg6 38. Nf4+ Kg7 39. Nd3 Kg6 40. Ne5+
Nxe5 41. Bxe5 Rg8 42. Kh3 Re8 43. Kg4 h5+ 44. Kh3 Be7 45. Bg3 Rf8 46. Bf4 Rf7
47. Kg3 Rf5 48. Kh3 Bf6 1/2-1/2

[Event "VIII Festival A"]
[Site "Cesenatico ITA"]
[Date "2003.09.05"]
[Round "7"]
[White "Schuster, Karsten"]
[Black "Bonacci, Mauro"]
[Result "1-0"]
[WhiteElo "2246"]
[BlackElo "2194"]
[PlyCount "79"]
[EventDate "2003.08.31"]

1. d4 Nf6 2. c4 e5 3. dxe5 Ng4 4. Nc3 Nxe5 5. Bf4 Nbc6 6. e3 Bb4 7. Qc2 Qe7 8.
Be2 O-O 9. a3 Bxc3+ 10. Qxc3 a5 11. Nf3 d6 12. c5 Ng6 13. cxd6 cxd6 14. Bg3
Nce5 15. O-O Bf5 16. Rac1 Rfc8 17. Qd2 Rd8 18. Nd4 Bd7 19. Rc7 Qe8 20. Rxb7
Rdc8 21. Rc1 Rc5 22. Rc7 Rxc7 23. Rxc7 a4 24. Qc3 Rb8 25. h3 Ne7 26. Bc4 Nxc4
27. Rxc4 Rb6 28. e4 h6 29. Rb4 Rxb4 30. axb4 d5 31. Qc7 dxe4 32. b5 e3 33. Qe5
exf2+ 34. Bxf2 Nc8 35. Qc7 Ne7 36. b6 Nd5 37. Qd6 Qc8 38. Qxd5 Qc1+ 39. Kh2
Qf4+ 40. Bg3 1-0

[Event "VIII Festival A"]
[Site "Cesenatico ITA"]
[Date "2003.09.05"]
[Round "7"]
[White "Scotti, Umberto"]
[Black "Pircher, Karl"]
[Result "1/2-1/2"]
[WhiteElo "2135"]
[BlackElo "2040"]
[PlyCount "75"]
[EventDate "2003.08.31"]

1. d4 d5 2. Nf3 Nf6 3. Bf4 Bf5 4. e3 c6 5. c4 e6 6. Nc3 Bd6 7. Bxd6 Qxd6 8. Qb3
Qe7 9. cxd5 exd5 10. Be2 O-O 11. O-O Rc8 12. Rfc1 Rc7 13. a4 Nbd7 14. a5 Rac8
15. Qa3 Qe6 16. Ng5 Qe8 17. Qd6 a6 18. Na4 h6 19. Nf3 Ne4 20. Qa3 Qe6 21. b4
Bg4 22. Nc5 Qf6 23. Qb2 Bf5 24. Bf1 g5 25. Ra3 Nd6 26. Rac3 Re8 27. Nxd7 Rxd7
28. Nd2 Rde7 29. Re1 Qg6 30. Nb3 Ne4 31. Rcc1 Qf6 32. Nc5 Bc8 33. Bd3 Nd6 34.
Rc3 Bf5 35. Bf1 Ne4 36. Nxe4 Bxe4 37. Rec1 Bf5 38. Rc5 1/2-1/2

[Event "VIII Festival A"]
[Site "Cesenatico ITA"]
[Date "2003.09.05"]
[Round "7"]
[White "Strijkers, Niek"]
[Black "Mueller, Martin"]
[Result "1/2-1/2"]
[WhiteElo "2153"]
[BlackElo "2074"]
[PlyCount "28"]
[EventDate "2003.08.31"]

1. e4 d6 2. d4 Nf6 3. Bd3 e5 4. c3 d5 5. exd5 Qxd5 6. f3 exd4 7. Ne2 Bd6 8.
cxd4 O-O 9. O-O c6 10. Nbc3 Qh5 11. g3 Nbd7 12. Nf4 Qa5 13. Kg2 Bxf4 14. Bxf4
Nd5 1/2-1/2

[Event "VIII Festival A"]
[Site "Cesenatico ITA"]
[Date "2003.09.05"]
[Round "7"]
[White "Tomescu, Vlad"]
[Black "Naumkin, Igor"]
[Result "1/2-1/2"]
[WhiteElo "2427"]
[BlackElo "2406"]
[PlyCount "44"]
[EventDate "2003.08.31"]

1. d4 Nf6 2. c4 e6 3. Nc3 Bb4 4. Bd2 O-O 5. a3 Bxc3 6. Bxc3 b6 7. e3 Bb7 8. Nf3
Ne4 9. Rc1 d6 10. Be2 a5 11. b4 axb4 12. axb4 Nxc3 13. Rxc3 Nd7 14. O-O Nf6 15.
Qb3 Qe7 16. Rcc1 Ra7 17. Ra1 Rfa8 18. Qb2 Qd8 19. Rxa7 Rxa7 20. Ra1 Rxa1+ 21.
Qxa1 Qa8 22. Qxa8+ Bxa8 1/2-1/2

[Event "VIII Festival A"]
[Site "Cesenatico ITA"]
[Date "2003.09.05"]
[Round "7"]
[White "Welker, Michael"]
[Black "Di Caro, Calogero"]
[Result "0-1"]
[WhiteElo "2154"]
[BlackElo "2221"]
[PlyCount "60"]
[EventDate "2003.08.31"]

1. c4 d6 2. d4 e5 3. dxe5 dxe5 4. Qxd8+ Kxd8 5. b3 Be6 6. Bb2 Nd7 7. Nc3 c6 8.
Nf3 f6 9. e3 a5 10. Be2 Nh6 11. O-O Nc5 12. Nd2 Bf5 13. e4 Bg6 14. a3 Kc7 15.
b4 Rd8 16. Rad1 axb4 17. axb4 Na6 18. b5 Nc5 19. f3 Nf7 20. Rfe1 Ng5 21. Ndb1
Rxd1 22. Rxd1 Nge6 23. Na2 Na4 24. Ba3 Bxa3 25. Nxa3 Ra8 26. Rd3 Nac5 27. Rc3
Nd4 28. Nc1 Ncb3 29. Nc2 Nxc1 30. Nxd4 Ra1 0-1

[Event "VIII Festival A"]
[Site "Cesenatico ITA"]
[Date "2003.09.05"]
[Round "7"]
[White "Yeuillaz, Corrado"]
[Black "Voltolini, Giuseppe"]
[Result "0-1"]
[WhiteElo "2192"]
[BlackElo "2254"]
[PlyCount "134"]
[EventDate "2003.08.31"]

1. c4 e5 2. Nc3 Nf6 3. Nf3 Nc6 4. d4 exd4 5. Nxd4 Bb4 6. e3 Bxc3+ 7. bxc3 O-O
8. Be2 Re8 9. O-O Na5 10. Qc2 b6 11. Rd1 Bb7 12. f3 d6 13. e4 Nd7 14. Nb3 Nc6
15. a4 a5 16. Nd4 Nce5 17. Bf1 Rc8 18. Be3 Qf6 19. Rab1 Ba6 20. Qa2 Kh8 21. Be2
Nc5 22. Kh1 Ncd7 23. Nb5 Qe6 24. Rd2 f6 25. Rbd1 Qf7 26. Bf2 f5 27. exf5 Qxf5
28. Qc2 Qf7 29. Rd4 Nc5 30. Bg3 Ne6 31. Bxe5 dxe5 32. Rd7 Re7 33. Rxe7 Qxe7 34.
Qf5 Nc5 35. Re1 g6 36. Qc2 Rd8 37. Bf1 Bb7 38. Kg1 e4 39. fxe4 Nxe4 40. Qe2
Qc5+ 41. Qe3 Qxe3+ 42. Rxe3 Rd7 43. Be2 Nc5 44. Bg4 Rd2 45. Bf3 Bxf3 46. gxf3
Rd7 47. Re8+ Kg7 48. Rc8 Nxa4 49. Nxc7 Nxc3 50. c5 bxc5 51. Ne6+ Kf7 52. Ng5+
Ke7 53. Rxc5 Rd5 54. Rxc3 Rxg5+ 55. Kf2 Kd6 56. Rc8 Rc5 57. Ra8 Kc6 58. Ra7 Rh5
59. Kg3 Kb6 60. Ra8 Kb5 61. h4 a4 62. Kg4 Kb4 63. Ra7 a3 64. Rb7+ Rb5 65. Ra7
Kb3 66. Rxh7 a2 67. Ra7 Kb2 0-1

[Event "VIII Festival A"]
[Site "Cesenatico ITA"]
[Date "2003.09.06"]
[Round "8"]
[White "Bernardi, Ruben"]
[Black "Emami, Madjid"]
[Result "0-1"]
[WhiteElo "2155"]
[BlackElo "2072"]
[PlyCount "98"]
[EventDate "2003.08.31"]

1. Nf3 g6 2. g3 Bg7 3. Bg2 d6 4. d3 e5 5. e4 Ne7 6. Nbd2 O-O 7. c3 Nd7 8. O-O
h6 9. b4 f5 10. Qb3+ Kh7 11. d4 f4 12. h4 Ng8 13. Kh2 Ngf6 14. Rh1 fxg3+ 15.
fxg3 Ng4+ 16. Kg1 Ndf6 17. Ng5+ hxg5 18. Nf3 Qe7 19. Bd2 Nh5 20. hxg5 Be6 21.
d5 Bd7 22. Qd1 Kg8 23. Qe1 c6 24. c4 cxd5 25. cxd5 Qd8 26. Rh4 Qb6+ 27. Kh1 Rf7
28. a4 Raf8 29. Ra3 Qf2 30. Qxf2 Nxf2+ 31. Kg1 Nd1 32. Be1 Nb2 33. b5 Rc8 34.
Bb4 Bf8 35. Ne1 Rc4 36. Rb3 Nxa4 37. Bf1 Rc8 38. Be2 Rh7 39. Kh2 Be7 40. Bd2
Nc5 41. Rb4 Rf8 42. Kg2 Bd8 43. Rb2 Bb6 44. Nf3 Rhf7 45. Rb1 Rc8 46. Rbh1 Nb3
47. Be1 Rc2 48. Kf1 Nd4 49. Bd1 Bxb5+ 0-1

[Event "VIII Festival A"]
[Site "Cesenatico ITA"]
[Date "2003.09.06"]
[Round "8"]
[White "Bonacci, Mauro"]
[Black "Strijkers, Niek"]
[Result "1-0"]
[WhiteElo "2194"]
[BlackElo "2153"]
[PlyCount "95"]
[EventDate "2003.08.31"]

1. e4 g6 2. d4 Bg7 3. Nc3 d6 4. Nf3 a6 5. a4 Nd7 6. Bf4 e5 7. Bg5 f6 8. Be3 Nh6
9. Bc4 Nf7 10. Bxf7+ Kxf7 11. dxe5 Nxe5 12. Qd5+ Be6 13. Nxe5+ dxe5 14. Qxb7
Rb8 15. Qxa6 Rxb2 16. O-O Rxc2 17. Rfd1 Qa8 18. Qd3 Rb2 19. Nb5 Rc8 20. Qc3 Rb3
21. Qc2 Bf8 22. Na7 Re8 23. Rd7+ Bxd7 24. Qxb3+ Kg7 25. Qc4 Bd6 26. Nb5 Qc6 27.
Nxd6 cxd6 28. Qd3 Re7 29. a5 Bc8 30. a6 Rd7 31. h3 f5 32. f3 fxe4 33. Qxe4 Qxe4
34. fxe4 Rd8 35. Bb6 Re8 36. Bc7 Kf6 37. Bxd6 Re6 38. Rf1+ Kg5 39. a7 Bb7 40.
Bc5 Ra6 41. Be3+ Kh4 42. Rf7 Bxe4 43. Rxh7+ Kg3 44. Bf2+ Kf4 45. Rf7+ Kg5 46.
Be3+ Kh4 47. Kh2 g5 48. g4 1-0

[Event "VIII Festival A"]
[Site "Cesenatico ITA"]
[Date "2003.09.06"]
[Round "8"]
[White "Bossoni, Mario"]
[Black "Scotti, Umberto"]
[Result "0-1"]
[WhiteElo "1939"]
[BlackElo "2135"]
[PlyCount "56"]
[EventDate "2003.08.31"]

1. e4 e6 2. Nf3 d5 3. e5 c5 4. b4 b6 5. c3 Ne7 6. d4 Nf5 7. bxc5 bxc5 8. Bd3
Be7 9. O-O O-O 10. Re1 Nc6 11. g4 Nh4 12. Nxh4 Bxh4 13. Re3 f6 14. g5 Bxf2+ 15.
Kxf2 fxe5+ 16. Kg2 e4 17. Rh3 e5 18. Rxh7 Kxh7 19. Qh5+ Kg8 20. g6 Rf5 21. Qh7+
Kf8 22. Qh8+ Ke7 23. Qxg7+ Kd6 24. dxc5+ Kxc5 25. Be2 Qf6 26. Qc7 Rf2+ 27. Kg1
Rxe2 28. Ba3+ Kc4 0-1

[Event "VIII Festival A"]
[Site "Cesenatico ITA"]
[Date "2003.09.06"]
[Round "8"]
[White "Brancaleoni, Maurizio"]
[Black "Dragojlovic, Andjelko"]
[Result "1/2-1/2"]
[WhiteElo "2298"]
[BlackElo "2312"]
[PlyCount "51"]
[EventDate "2003.08.31"]

1. d4 Nf6 2. c4 g6 3. Nc3 d5 4. cxd5 Nxd5 5. e4 Nxc3 6. bxc3 Bg7 7. Be3 c5 8.
Qd2 Qa5 9. Rc1 cxd4 10. cxd4 Qxd2+ 11. Kxd2 O-O 12. Nf3 Rd8 13. Bb5 Nc6 14.
Bxc6 bxc6 15. Rc5 f5 16. Rhc1 fxe4 17. Ne5 Be6 18. Nxc6 Rd7 19. a3 Kf8 20. Ke2
Rb7 21. h3 Rd7 22. Ne5 Rd6 23. Nc6 Bd5 24. Ne5 Rad8 25. Ra5 a6 26. Rc7 1/2-1/2

[Event "VIII Festival A"]
[Site "Cesenatico ITA"]
[Date "2003.09.06"]
[Round "8"]
[White "Cetkovic, Sergio"]
[Black "Rossi, Giampiero"]
[Result "1/2-1/2"]
[WhiteElo "2128"]
[BlackElo "2052"]
[PlyCount "82"]
[EventDate "2003.08.31"]

1. d4 d5 2. Nf3 c6 3. h3 Nf6 4. c3 Bf5 5. Bf4 e6 6. e3 Nbd7 7. Bd3 Bxd3 8. Qxd3
Be7 9. O-O O-O 10. Nbd2 Qb6 11. b4 a5 12. a3 Qa6 13. Qb1 b5 14. Nb3 a4 15. Nbd2
Qb7 16. Ne5 Nxe5 17. Bxe5 Nd7 18. Bg3 Rfe8 19. Qd3 Bf6 20. f4 g6 21. Bh2 Bg7
22. g4 f5 23. g5 h6 24. gxh6 Bxh6 25. Nf3 Kh7 26. Ra2 Rg8 27. Rg2 Nf6 28. Kh1
Ne4 29. h4 Bg7 30. Bg3 Bf6 31. Be1 Qe7 32. Rfg1 Rae8 33. Qe2 Rg7 34. Rh2 Kg8
35. h5 gxh5 36. Rxg7+ Bxg7 37. Rxh5 Bf6 38. Ne5 Bxe5 39. fxe5 Qg7 40. Rh2 Kf7
41. Qh5+ Qg6 1/2-1/2

[Event "VIII Festival A"]
[Site "Cesenatico ITA"]
[Date "2003.09.06"]
[Round "8"]
[White "Di Caro, Calogero"]
[Black "Cioara, Andrei Nestor"]
[Result "1/2-1/2"]
[WhiteElo "2221"]
[BlackElo "2394"]
[PlyCount "50"]
[EventDate "2003.08.31"]

1. Nf3 e6 2. c4 Nf6 3. Nc3 Bb4 4. Qc2 O-O 5. a3 Bxc3 6. Qxc3 c5 7. b4 b6 8. e3
Bb7 9. Be2 d6 10. O-O Nbd7 11. Bb2 Qe7 12. d4 Ne4 13. Qb3 f5 14. Rad1 Rad8 15.
dxc5 bxc5 16. Nd2 e5 17. Nxe4 fxe4 18. Qa4 a6 19. Qa5 Rc8 20. Bg4 cxb4 21. Qxb4
Nc5 22. Bxc8 Bxc8 23. Qb6 Na4 24. Qb4 Nc5 25. Qb6 Na4 1/2-1/2

[Event "VIII Festival A"]
[Site "Cesenatico ITA"]
[Date "2003.09.06"]
[Round "8"]
[White "Gromovs, Sergejs"]
[Black "Costantini, Roberto"]
[Result "1-0"]
[WhiteElo "2345"]
[BlackElo "2334"]
[PlyCount "63"]
[EventDate "2003.08.31"]

1. d4 d5 2. Nf3 Nf6 3. c4 c6 4. Nc3 a6 5. cxd5 cxd5 6. Bf4 Nc6 7. Ne5 Qb6 8.
Nxc6 bxc6 9. Qd2 e6 10. a3 Bd7 11. e3 c5 12. Be5 Be7 13. Be2 a5 14. O-O O-O 15.
Rac1 cxd4 16. Bxd4 Qb7 17. Bd3 Bc6 18. Qe2 g6 19. f4 Nd7 20. Rf3 f5 21. Qf2
Rfc8 22. h4 Nc5 23. Bc2 h5 24. Rg3 Be8 25. Qf3 Kh7 26. Rg5 Bxg5 27. fxg5 a4 28.
Rf1 Nd7 29. Rf2 e5 30. Bxf5 exd4 31. Qxh5+ Kg8 32. Be6+ 1-0

[Event "VIII Festival A"]
[Site "Cesenatico ITA"]
[Date "2003.09.06"]
[Round "8"]
[White "Lagrotteria, Salvatore"]
[Black "Tomescu, Vlad"]
[Result "1/2-1/2"]
[WhiteElo "2175"]
[BlackElo "2427"]
[PlyCount "33"]
[EventDate "2003.08.31"]

1. d4 Nf6 2. c4 e6 3. Nf3 d5 4. Nc3 c6 5. e3 Nbd7 6. Bd3 Be7 7. O-O O-O 8. Qc2
b6 9. b3 Bb7 10. Bb2 Qc7 11. Rac1 Rac8 12. Rfe1 Qb8 13. e4 dxe4 14. Nxe4 Nxe4
15. Bxe4 Nf6 16. Bd3 Rfe8 17. Rcd1 1/2-1/2

[Event "VIII Festival A"]
[Site "Cesenatico ITA"]
[Date "2003.09.06"]
[Round "8"]
[White "Mueller, Martin"]
[Black "Yeuillaz, Corrado"]
[Result "0-1"]
[WhiteElo "2074"]
[BlackElo "2192"]
[PlyCount "48"]
[EventDate "2003.08.31"]

1. d4 g6 2. c4 Bg7 3. Nc3 d6 4. e4 Nc6 5. Be3 e5 6. d5 Nce7 7. c5 Nf6 8. Bb5+
Bd7 9. Bxd7+ Qxd7 10. h3 O-O 11. g4 Rfd8 12. cxd6 Qxd6 13. Nf3 c6 14. dxc6 Qxc6
15. Qc2 b5 16. Nxe5 Qe6 17. f4 Nc6 18. Nxc6 Qxc6 19. O-O b4 20. Qa4 Qb7 21. Qb5
Qxb5 22. Nxb5 Nxe4 23. Nxa7 Rd3 24. Bb6 Rb8 0-1

[Event "VIII Festival A"]
[Site "Cesenatico ITA"]
[Date "2003.09.06"]
[Round "8"]
[White "Naumkin, Igor"]
[Black "Schuster, Karsten"]
[Result "1/2-1/2"]
[WhiteElo "2406"]
[BlackElo "2246"]
[PlyCount "131"]
[EventDate "2003.08.31"]

1. d4 Nf6 2. Nf3 e6 3. c4 b6 4. g3 Bb7 5. Bg2 Be7 6. Nc3 O-O 7. Qc2 d5 8. cxd5
exd5 9. O-O c5 10. Rd1 c4 11. Ne5 Qc8 12. Bg5 Rd8 13. b3 cxb3 14. Qxb3 Nc6 15.
Rac1 Qf5 16. Bxf6 Na5 17. Bxe7 Nxb3 18. axb3 Rdc8 19. Nxd5 Rxc1 20. Rxc1 Rc8
21. Rxc8+ Qxc8 22. Ba3 Bxd5 23. Bxd5 Qa6 24. Bxf7+ Kh8 25. Bc1 Qa1 26. Nd3 Qxd4
27. b4 a5 28. bxa5 bxa5 29. Be3 Qa1+ 30. Nc1 a4 31. h4 a3 32. Ba2 h5 33. Bf4
Qd4 34. Bg5 Kh7 35. Be3 Qb2 36. Bd5 Qe5 37. Bb3 Qb2 38. Bf4 Qc3 39. Kf1 Qd4 40.
Ke1 Kg6 41. f3 Kh7 42. Kf1 Qc3 43. Bd5 g6 44. Kg2 Qb2 45. Bb3 Kg7 46. Kf1 Qc3
47. Kf2 Qb2 48. Kf1 Qc3 49. Bd5 Kh7 50. e4 Qxf3+ 51. Ke1 Qc3+ 52. Kd1 Kg7 53.
Na2 Qb2 54. Bd2 Qb1+ 55. Ke2 Qb2 56. Nc3 g5 57. hxg5 Qc2 58. Ba2 Qb2 59. e5 Qb8
60. e6 Qxg3 61. Be3 Kf8 62. Bd5 Qd6 63. g6 Kg7 64. e7 Qxe7 65. Bf7 Qd7 66. Bf4
1/2-1/2

[Event "VIII Festival A"]
[Site "Cesenatico ITA"]
[Date "2003.09.06"]
[Round "8"]
[White "Popa, Claudiu"]
[Black "Maahs, Erich"]
[Result "1/2-1/2"]
[WhiteElo "2148"]
[BlackElo "2201"]
[PlyCount "119"]
[EventDate "2003.08.31"]

1. e4 d5 2. exd5 Nf6 3. Nc3 Nxd5 4. Bc4 Be6 5. Qf3 c6 6. Nge2 Nc7 7. Bxe6 Nxe6
8. d3 g6 9. O-O Bg7 10. Qh3 h6 11. Be3 Na6 12. a3 Nac7 13. Rab1 Qd7 14. Rfe1 b6
15. b4 Nd5 16. Nxd5 cxd5 17. c4 Rc8 18. cxd5 Qxd5 19. Nf4 Qf5 20. Qxf5 gxf5 21.
Nxe6 fxe6 22. Rec1 Kd7 23. a4 e5 24. f3 h5 25. Kf2 Bh6 26. Bxh6 Rxh6 27. Rxc8
Kxc8 28. Re1 Re6 29. f4 e4 30. dxe4 fxe4 31. Ke3 Rc6 32. Rd1 Rc2 33. Rd2 Rc4
34. Rd4 Rc2 35. Rxe4 Rxg2 36. Rxe7 a6 37. h4 Rg4 38. Rh7 Rxh4 39. Ke4 Rh1 40.
Ke5 Re1+ 41. Kd5 Rf1 42. Kc6 Kd8 43. Rd7+ Ke8 44. Rd4 h4 45. f5 h3 46. Rh4 Ra1
47. Rxh3 Rxa4 48. Rb3 b5 49. Kc5 Kf7 50. Rf3 Kf6 51. Rf1 Ra2 52. Kb6 Ra3 53.
Rf2 Ra4 54. Rf4 Ra1 55. Rf2 Ra3 56. Rf1 Ra4 57. Rf4 Ra2 58. Rf1 Ra4 59. Rf4 Ra1
60. Rf2 1/2-1/2

[Event "VIII Festival A"]
[Site "Cesenatico ITA"]
[Date "2003.09.06"]
[Round "8"]
[White "Pozzi, Enrico"]
[Black "Frilli, Guido"]
[Result "1/2-1/2"]
[WhiteElo "2205"]
[BlackElo "2071"]
[PlyCount "34"]
[EventDate "2003.08.31"]

1. e4 c5 2. Nf3 Nc6 3. Bb5 d6 4. O-O Bd7 5. Re1 Nf6 6. c3 a6 7. Bf1 Bg4 8. h3
Bh5 9. d3 e6 10. Nbd2 Be7 11. g4 Bg6 12. Bg2 O-O 13. Nf1 Nd7 14. Ng3 Nb6 15.
Bf1 d5 16. b3 Qd7 17. Qe2 Rad8 1/2-1/2

[Event "VIII Festival A"]
[Site "Cesenatico ITA"]
[Date "2003.09.06"]
[Round "8"]
[White "Welker, Michael"]
[Black "Molina, Fabrizio"]
[Result "1/2-1/2"]
[WhiteElo "2154"]
[BlackElo "2249"]
[PlyCount "66"]
[EventDate "2003.08.31"]

1. c4 c5 2. Nf3 Nc6 3. d4 cxd4 4. Nxd4 Qb6 5. Nb5 a6 6. Be3 Qa5+ 7. Bd2 Qd8 8.
N5c3 Nf6 9. g3 e6 10. Bg2 Bc5 11. O-O O-O 12. Bg5 h6 13. Bxf6 Qxf6 14. Nd2 Rb8
15. Nde4 Qe7 16. Nxc5 Qxc5 17. b3 Qe5 18. Rc1 f5 19. e3 b5 20. c5 Qxc5 21. Ne4
Qe7 22. Nd6 Rb6 23. Qd2 a5 24. Bxc6 Rxc6 25. Rxc6 dxc6 26. Nxc8 Rxc8 27. Qxa5
Qd7 28. Rc1 Kh7 29. a4 Rb8 30. Qb4 Rd8 31. a5 Ra8 32. Qe1 Qd5 33. b4 Rd8
1/2-1/2

[Event "VIII Festival A"]
[Site "Cesenatico ITA"]
[Date "2003.09.07"]
[Round "9"]
[White "Cioara, Andrei Nestor"]
[Black "Lagrotteria, Salvatore"]
[Result "1-0"]
[WhiteElo "2394"]
[BlackElo "2175"]
[PlyCount "69"]
[EventDate "2003.08.31"]

1. d4 d6 2. e4 Nf6 3. Nc3 g6 4. f4 Bg7 5. Nf3 O-O 6. Bd3 a6 7. a4 b6 8. O-O c6
9. Qe1 Bb7 10. f5 c5 11. fxg6 fxg6 12. d5 Nbd7 13. Ng5 Qe8 14. Ne6 Rf7 15. Qh4
c4 16. Be2 b5 17. axb5 axb5 18. Rxa8 Qxa8 19. Nxb5 Qa4 20. Nbd4 Ba6 21. c3 h5
22. Ng5 Rf8 23. Nde6 Qc2 24. Nxf8 Nxf8 25. Bf3 Bc8 26. Qf2 Qb3 27. Qa7 Bd7 28.
Ne6 Qc2 29. Nxg7 Kxg7 30. Qe3 Bg4 31. e5 dxe5 32. Qxe5 Bxf3 33. Qxe7+ Kg8 34.
Rxf3 Qxc1+ 35. Rf1 1-0

[Event "VIII Festival A"]
[Site "Cesenatico ITA"]
[Date "2003.09.07"]
[Round "9"]
[White "Costantini, Roberto"]
[Black "Yeuillaz, Corrado"]
[Result "0-1"]
[WhiteElo "2334"]
[BlackElo "2192"]
[PlyCount "52"]
[EventDate "2003.08.31"]

1. e4 e6 2. d4 d5 3. Nc3 dxe4 4. Nxe4 Nd7 5. Nf3 Ngf6 6. Nxf6+ Nxf6 7. c3 Be7
8. Bd3 O-O 9. Qe2 c5 10. dxc5 Bxc5 11. Bg5 Be7 12. O-O-O Qc7 13. Kb1 Bd7 14.
Ne5 Rfd8 15. h4 Be8 16. g4 Rd5 17. f4 Rad8 18. Rhe1 h6 19. Rh1 Bc6 20. Rh3 Kf8
21. Bxf6 gxf6 22. Nxc6 bxc6 23. g5 Qxf4 24. Qh5 Ke8 25. Rf3 Qh2 26. c4 Ba3 0-1

[Event "VIII Festival A"]
[Site "Cesenatico ITA"]
[Date "2003.09.07"]
[Round "9"]
[White "Dragojlovic, Andjelko"]
[Black "Popa, Claudiu"]
[Result "1-0"]
[WhiteElo "2312"]
[BlackElo "2148"]
[PlyCount "80"]
[EventDate "2003.08.31"]

1. e4 d5 2. exd5 Qxd5 3. Nc3 Qa5 4. d4 Bf5 5. Nf3 c6 6. Bc4 Nf6 7. Bd2 Qc7 8.
Ne5 e6 9. g4 Be4 10. Nxe4 Nxe4 11. Bf4 Nd7 12. Qf3 Nd6 13. Nxf7 e5 14. Nxd6+
Bxd6 15. dxe5 Bxe5 16. Bg5 Bf6 17. Bxf6 gxf6 18. O-O-O O-O-O 19. Be6 Kb8 20.
Bxd7 Rxd7 21. Qxf6 Rhd8 22. Rxd7 Qxd7 23. Qf4+ Ka8 24. Re1 Qd5 25. b3 h6 26.
Kb1 Qa5 27. Qe3 Rf8 28. h4 Qb4 29. Rg1 a5 30. a4 Rf4 31. Rd1 Rf8 32. f4 c5 33.
Rd5 Rc8 34. Qd2 Qb6 35. f5 Kb8 36. Rd6 Qc7 37. Rd7 Qg3 38. Qd6+ Qxd6 39. Rxd6
Rg8 40. g5 40... Kc7 {...} 1-0

[Event "VIII Festival A"]
[Site "Cesenatico ITA"]
[Date "2003.09.07"]
[Round "9"]
[White "Emami, Madjid"]
[Black "Bonacci, Mauro"]
[Result "0-1"]
[WhiteElo "2072"]
[BlackElo "2194"]
[PlyCount "82"]
[EventDate "2003.08.31"]

1. g3 g6 2. Bg2 Bg7 3. Nf3 d6 4. d4 Nf6 5. O-O O-O 6. c4 Nbd7 7. d5 a5 8. Nc3
Nc5 9. Nd2 Bf5 10. Nb3 Nxb3 11. Qxb3 Qc8 12. e4 Bh3 13. Bg5 a4 14. Qc2 Bxg2 15.
Kxg2 a3 16. b4 h6 17. Bxf6 Bxf6 18. Rad1 h5 19. h3 c6 20. dxc6 bxc6 21. c5 dxc5
22. bxc5 Qa6 23. Ne2 Rfb8 24. Nd4 Rb2 25. Qc1 Rxa2 26. Qf4 Bxd4 27. Rxd4 Rb2
28. Rfd1 Rbb8 29. e5 Qc8 30. Rd7 Qf8 31. Qc4 e6 32. Rc7 a2 33. Ra1 Qd8 34. Rxc6
Qd2 35. Rb6 Rxb6 36. cxb6 Qb2 37. Qe4 Rd8 38. Qe1 Rd2 39. Kg1 Rxf2 40. Qxf2
Qxa1+ 41. Kg2 Qb1 0-1

[Event "VIII Festival A"]
[Site "Cesenatico ITA"]
[Date "2003.09.07"]
[Round "9"]
[White "Frilli, Guido"]
[Black "Bucher, Michael"]
[Result "1/2-1/2"]
[WhiteElo "2071"]
[BlackElo "2168"]
[PlyCount "35"]
[EventDate "2003.08.31"]

1. e4 c6 2. d4 d5 3. Nc3 dxe4 4. Nxe4 Nd7 5. Ng5 Ngf6 6. Bd3 e6 7. N1f3 Bd6 8.
Qe2 h6 9. Ne4 Nxe4 10. Qxe4 Nf6 11. Qe2 Qc7 12. Bd2 b6 13. O-O-O Bb7 14. Ne5
O-O-O 15. f4 c5 16. dxc5 Bxc5 17. Ba6 Nd5 18. Bxb7+ 1/2-1/2

[Event "VIII Festival A"]
[Site "Cesenatico ITA"]
[Date "2003.09.07"]
[Round "9"]
[White "Maahs, Erich"]
[Black "Beccaris, Gabriele"]
[Result "1-0"]
[WhiteElo "2201"]
[BlackElo "1836"]
[PlyCount "59"]
[EventDate "2003.08.31"]

1. e4 c5 2. f4 e6 3. Nf3 d5 4. Nc3 Nf6 5. e5 Nfd7 6. g3 Nc6 7. Bg2 a6 8. a4 Be7
9. O-O O-O 10. d3 Qc7 11. Ne2 Rd8 12. c3 Rb8 13. g4 b5 14. axb5 axb5 15. d4 b4
16. f5 bxc3 17. bxc3 Na5 18. Nf4 Nf8 19. f6 gxf6 20. exf6 Bxf6 21. Nh5 Be7 22.
Bf4 Bd6 23. Bg5 Ng6 24. Bxd8 Qxd8 25. g5 Rb2 26. Nf6+ Kh8 27. Ne5 Bxe5 28. dxe5
Nf8 29. Qh5 Rb7 30. Rf4 1-0

[Event "VIII Festival A"]
[Site "Cesenatico ITA"]
[Date "2003.09.07"]
[Round "9"]
[White "Molina, Fabrizio"]
[Black "Forno, Roberto"]
[Result "1-0"]
[WhiteElo "2249"]
[BlackElo "2064"]
[PlyCount "55"]
[EventDate "2003.08.31"]

1. c4 Nf6 2. Nc3 e6 3. Nf3 d5 4. d4 c6 5. e3 a6 6. Bd3 dxc4 7. Bxc4 b5 8. Be2
Nbd7 9. O-O Be7 10. Qc2 O-O 11. Rd1 Bb7 12. e4 Rc8 13. Bg5 Qb6 14. Rac1 h6 15.
Bh4 Rfe8 16. e5 Nd5 17. Bxe7 Rxe7 18. Ne4 Rc7 19. a3 a5 20. Nd6 Ba6 21. Qe4 c5
22. Bd3 f5 23. Nxf5 exf5 24. Qxd5+ Kh8 25. Qd6 Rf7 26. dxc5 Qa7 27. e6 Rf6 28.
Bxf5 1-0

[Event "VIII Festival A"]
[Site "Cesenatico ITA"]
[Date "2003.09.07"]
[Round "9"]
[White "Perich, Stefano"]
[Black "Welker, Michael"]
[Result "0-1"]
[WhiteElo "1984"]
[BlackElo "2154"]
[PlyCount "78"]
[EventDate "2003.08.31"]

1. d4 d5 2. Nf3 Bf5 3. c4 e6 4. Nc3 Nc6 5. Bf4 Nf6 6. e3 Nb4 7. Rc1 dxc4 8.
Bxc4 c6 9. h3 Nbd5 10. Bh2 Nxc3 11. bxc3 Ba3 12. O-O Bxc1 13. Qxc1 O-O 14. g4
Bg6 15. Ne5 Qa5 16. Qb2 Nd5 17. Rc1 Nb6 18. Bb3 Rad8 19. h4 Nd7 20. Nc4 Qa6 21.
Bc7 Rc8 22. Bd6 b5 23. Nd2 Rfe8 24. e4 h5 25. g5 c5 26. Bf4 cxd4 27. cxd4 Rxc1+
28. Qxc1 Rc8 29. Qf1 Qa3 30. Qxb5 Qc1+ 31. Qf1 Bxe4 32. Qxc1 Rxc1+ 33. Kh2 Rh1+
34. Kg3 Bf5 35. f3 Nb6 36. Kg2 Rxh4 37. Bg3 Rxd4 38. Nf1 Rd7 39. Kf2 Nd5 0-1

[Event "VIII Festival A"]
[Site "Cesenatico ITA"]
[Date "2003.09.07"]
[Round "9"]
[White "Roeder, Matthias"]
[Black "Gromovs, Sergejs"]
[Result "1/2-1/2"]
[WhiteElo "2451"]
[BlackElo "2345"]
[PlyCount "31"]
[EventDate "2003.08.31"]

1. d4 Nf6 2. c4 g6 3. Nc3 Bg7 4. e4 d6 5. Be2 O-O 6. Nf3 e5 7. dxe5 dxe5 8.
Qxd8 Rxd8 9. Nd5 Nxd5 10. cxd5 c6 11. Bc4 h6 12. Be3 cxd5 13. Bxd5 Nc6 14.
O-O-O Bg4 15. Kb1 Nd4 16. h3 1/2-1/2